Understanding the preschooler
Сохранить в:
| Главный автор: | |
|---|---|
| Формат: | Электронный ресурс eКнига |
| Язык: | английский |
| Опубликовано: |
New York :
P. Lang,
c2000.
|
| Предметы: | |
| Online-ссылка: | Available in Education Source. |
| Метки: |
Добавить метку
Нет меток, Требуется 1-ая метка записи!
|
MARC
| LEADER | 00000cam a22000002a 4500 | ||
|---|---|---|---|
| 001 | ebs56847777e | ||
| 003 | EBZ | ||
| 006 | m d |||||| | ||
| 007 | cr|unu|||||||| | ||
| 008 | 980910s2000 nyu ob 001 0 eng | ||
| 020 | 0 | |z 9780820440583 | |
| 035 | |a (EBZ)ebs56847777e | ||
| 040 | |a DLC |d EBZ | ||
| 042 | |a msc | ||
| 050 | 0 | 0 | |a LB1117 |b .W543 2000 |
| 100 | 1 | |a Wilburn, Reudene E., |d 1942- | |
| 240 | 1 | 0 | |a Understanding the preschooler (Online) |
| 245 | 1 | 0 | |a Understanding the preschooler |h [electronic resource] / |c Reudene E. Wilburn. |
| 260 | |a New York : |b P. Lang, |c c2000. | ||
| 504 | |a Includes bibliographical references and index. | ||
| 650 | 0 | |a Preschool children |x Psychology. | |
| 650 | 0 | |a Social skills in children. | |
| 650 | 0 | |a Education, Preschool. | |
| 773 | 0 | |t Education Source |d EBSCO | |
| 776 | 1 | |t Understanding the preschooler / |w (DLC)98044188 | |
| 856 | 4 | 0 | |3 Full text available: Jun 2000. |z Available in Education Source. |u https://researchs.unach.elogim.com/direct.asp?db=eue&jid=8TMM&scope=site |
| 901 | |a Book | ||